Jāgrata Bhārata. (Record no. 78556)

MARC details
000 -LEADER
fixed length control field 00480cam a22002051 4500
001 - CONTROL NUMBER
control field sa 68002246
003 - CONTROL NUMBER IDENTIFIER
control field DLC
005 - DATE AND TIME OF LATEST TRANSACTION
control field 20260227112441.0
008 - FIXED-LENGTH DATA ELEMENTS--GENERAL INFORMATION
fixed length control field 050721s1967 xx 000 0 benr
010 ## - LIBRARY OF CONGRESS CONTROL NUMBER
LC control number sa 68002246
040 ## - CATALOGING SOURCE
Original cataloging agency DLC
Transcribing agency DLC
Modifying agency DLC
050 00 - LIBRARY OF CONGRESS CALL NUMBER
Classification number PK1718.G463
Item number J3
100 1# - MAIN ENTRY--PERSONAL NAME
Personal name Ghosal, Panchanan,
Dates associated with a name 1905-
245 10 - TITLE STATEMENT
Title Jāgrata Bhārata.
260 ## - PUBLICATION, DISTRIBUTION, ETC.
Date of publication, distribution, etc. [1967]
300 ## - PHYSICAL DESCRIPTION
Extent 219 p.
Dimensions 23 cm.
500 ## - GENERAL NOTE
General note In Bengali.
500 ## - GENERAL NOTE
General note A novel.
500 ## - GENERAL NOTE
General note Romanized.

No items available.

Powered by Koha